000 00636nam a2200181 a 4500
001 000005831
005 20200929151813.0
008 090824s2004 dr 000 0 spa d
040 _aDO-SdBNP
_bspa
_cBNPHU
082 _a346.729301
_bD542n
100 1 _aDíaz, Juan Alberto
_d1963-
_916466
245 1 0 _aNuevo código del menor desde la óptica de un periodista /
_cJuan Alberto Díaz.
260 _aSanto Domingo, :
_bEditorial Díaz,
_c2004.
300 _a145 p. ;
_c22 cm.
504 _aIncluye bibliografías (p. 144-145)
650 4 _aNiños
_xEstado legal, legislación, etc.
_916467
650 4 _aMenores
_zRepública Dominicana
_916468
999 _c5627
_d5627